000252672 001__ 252672
000252672 005__ 20230212174219.0
000252672 0247_ $$aG:(GEPRIS)265409095$$d265409095
000252672 035__ $$aG:(GEPRIS)265409095
000252672 040__ $$aGEPRIS$$chttp://gepris.its.kfa-juelich.de
000252672 150__ $$aSynthese frustrierter Magnete mit Dreiecksgittern (B03)$$y2015 -
000252672 371__ $$aProfessor Dr. Thomas Doert
000252672 371__ $$aProfessor Dr. Michael Ruck
000252672 450__ $$aSFB 1143 B03$$wd$$y2015 -
000252672 5101_ $$0I:(DE-588b)2007744-0$$aDeutsche Forschungsgemeinschaft$$bDFG
000252672 550__ $$0G:(GEPRIS)247310070$$aSFB 1143: Korrelierter Magnetismus: Von Frustration zu Topologie$$wt
000252672 680__ $$aZiel des Projektes ist die Suche nach neuartigen frustrierten Materialien, ihre gezielte Synthese und ihre chemische Modifizierung mit besonderem Schwerpunkt auf Strukturen mit magnetischen Ionen auf Dreiecksgittern. Zwei strukturelle Hauptrichtungen werden verfolgt: Thio- und Seleno-Delafossite und strukturverwandte Verbindungen mit Seltenerdmetallionen auf regelmäßigen Dreiecksnetzen sowie Seltenerd-Übergangsmetall-Pniktide mit Atomen beider Metallarten in trigonaler Anordnung.
000252672 909CO $$ooai:juser.fz-juelich.de:919274$$pauthority$$pauthority:GRANT
000252672 909CO $$ooai:juser.fz-juelich.de:919274
000252672 980__ $$aG
000252672 980__ $$aAUTHORITY